Dictionary of Music /

Tallennettuna:
Bibliografiset tiedot
Päätekijä: Karp, Theodore (autor)
Aineistotyyppi: Kirja
Kieli:englanti
Julkaistu: Nueva York, EUA : Dell, 1978, c1973
Tagit: Lisää tagi
Ei tageja, Lisää ensimmäinen tagi!

MARC

LEADER 00000nam^a2200000^a^4500
001 000578127
005 20250521000000.0
009 20260310132503.963
020 |a 0-440-32013-5 
037 |a Acervo ITESO - Biblioteca 
041 |a ING 
091 |a FLG. 00325 
100 |a Karp, Theodore  |e (autor) 
245 1 0 |a Dictionary of Music / 
264 4 |a Nueva York, EUA :  |b Dell,  |c 1978, c1973 
300 |a 448 p. 
336 |a texto  |b txt  |2 rdacontenido 
337 |a sin mediación  |b n  |2 rdamedio 
338 |a volumen  |b nc  |2 rdasoporte 
649 |a XX 
910 |a Fondo Luis González de Alba 
920 |a Impresos - Libros 
930 |a Fondos Especiales 
905 |a 141 
901 |a 0500397899  |b IT2  |c ESP  |i D103394  |u 20250521 
902 |a https://opac.biblio.iteso.mx/vufind/Record/000578127